header

Unruly complexity (Record no. 243519)

MARC details
000 -LEADER
fixed length control field 01565nam a2200361 a 4500
082 04 - DEWEY DECIMAL CLASSIFICATION NUMBER
Classification number 577/.01/1
100 1# - MAIN ENTRY--AUTHOR NAME
Personal name Taylor, Peter J.,
245 10 - TITLE STATEMENT
Title Unruly complexity
260 ## - PUBLICATION, DISTRIBUTION, ETC. (IMPRINT)
Place of publication Chicago :
Name of publisher University of Chicago Press,
Year of publication 2005.
300 ## - PHYSICAL DESCRIPTION
Number of Pages xxi, 289 p. :
Other physical details ill.
505 0# - FORMATTED CONTENTS NOTE
Formatted contents note pt. 1. Modeling ecological complexity -- pt. 2. Interpreting ecological modelers in their complex social context -- pt. 3. Engaging reflexively within ecological, scientific and social complexity.
650 #0 - SUBJECT ADDED ENTRY--TOPICAL TERM
Topical Term Ecology
Topical Term Ecology
Topical Term Science
856 40 - ELECTRONIC LOCATION AND ACCESS
Uniform Resource Identifier http://site.ebrary.com/lib/rucke/Doc?id=10438633

No items available.

© 2026 Rongo University
Contact us: librarian | system librarian | Rongo university